| 000 | 00436nam a22001577a 4500 | ||
|---|---|---|---|
| 003 | SGT | ||
| 020 | _a9789352139057 | ||
| 082 | _a006.1,GER | ||
| 100 | _aGERON AURELINE | ||
| 245 | _aHANDS ON MACHINE LEARNING WITH SCIKIT LEARN AND TENSORFLOW CONCEPTS TOOLS AND TECHNIQUES TO BUILD INTELLIGENT SYSTEM | ||
| 250 | _a2ND | ||
| 260 |
_aMUMBAI _bSPD _c2021 |
||
| 300 | _a819 | ||
| 650 | _aMECHANICAL ENGINEERING | ||
| 942 |
_2ddc _cBK _064 |
||
| 999 |
_c22925 _d22925 |
||